Elementary organic spectroscopy : (Record no. 2695)

MARC details
000 -LEADER
fixed length control field 00634nam a22002177a 4500
001 - CONTROL NUMBER
control field BD-DhSAU 2695
003 - CONTROL NUMBER IDENTIFIER
control field BD-DhSAU
005 - DATE AND TIME OF LATEST TRANSACTION
control field 20150202103528.0
008 - FIXED-LENGTH DATA ELEMENTS--GENERAL INFORMATION
fixed length control field 150202b1990 ii a||||r|||| 001 0 eng d
040 ## - CATALOGING SOURCE
Original cataloging agency BD-DhSAU
082 ## - DEWEY DECIMAL CLASSIFICATION NUMBER
Edition number 22
Classification number 535.84
Item number SHE
100 ## - MAIN ENTRY--PERSONAL NAME
Personal name Sharma, Y. R.
245 ## - TITLE STATEMENT
Title Elementary organic spectroscopy :
Remainder of title principles and chemical applications /
Statement of responsibility, etc. Y. R. Sharma.
260 ## - PUBLICATION, DISTRIBUTION, ETC. (IMPRINT)
Place of publication, distribution, etc. New Delhi :
Name of publisher, distributor, etc. S. Chand & Co. Ltd. ,
Date of publication, distribution, etc. c1990.
300 ## - PHYSICAL DESCRIPTION
Extent xv, 295 p. :
Other physical details ill. ;
Dimensions 22 cm.
504 ## - BIBLIOGRAPHY, ETC. NOTE
Bibliography, etc Includes index.
590 ## - Name of Cataloguer
Name of Cataloger joy
650 ## - SUBJECT ADDED ENTRY--TOPICAL TERM
Topical term or geographic name as entry element Chemistry.
650 ## - SUBJECT ADDED ENTRY--TOPICAL TERM
Topical term or geographic name as entry element Organic spectroscopy.
650 ## - SUBJECT ADDED ENTRY--TOPICAL TERM
Topical term or geographic name as entry element chemical application.
942 ## - ADDED ENTRY ELEMENTS (KOHA)
Source of classification or shelving scheme Dewey Decimal Classification
Koha item type Book
Holdings
Withdrawn status Lost status Source of classification or shelving scheme Damaged status Not for loan Home library Branch Name Shelving location Date acquired Total Checkouts Full call number Barcode Date last seen Price effective from Koha item type
    Dewey Decimal Classification     SAU Library SAU Library General Stacks 23/06/1992   535.84 SHE 19588 02/02/2015 02/02/2015 Book
    Dewey Decimal Classification     SAU Library SAU Library General Stacks 23/06/1992   535.84 SHE 19587 02/02/2015 02/02/2015 Book